[Event "II Criciúma Chess Open - A1700 - 12-18"]
[Site "Criciúma SC"]
[Date "2024.01.15"]
[Round "5.22"]
[White "Frankental, David"]
[Black "Ribeiro, Dionatan Lua Franze"]
[Result "1/2-1/2"]
[WhiteElo "1939"]
[BlackElo "1820"]
[PlyCount "125"]
[EventDate "2024.01.12"]
[EventRounds "9"]
[EventCountry "BRA"]

1. d4 Nf6 2. c4 e6 3. Nf3 b6 4. g3 Bb7 5. Bg2 c5 6. O-O Be7 7. b3 cxd4 8. Bb2
O-O 9. Nxd4 Bxg2 10. Kxg2 d5 11. cxd5 ({RR} 11. Nd2 dxc4 12. Nxc4 Qd5+ 13. Nf3
{1/2-1/2 (13) Taimanov,M (2500)-Tal,M (2555) Moscow (Russia) 1981}) 11... Qxd5+
12. Nf3 ({RR} 12. f3 Rd8 13. e4 Qb7 14. Qe2 Na6 15. Nd2 Nc5 16. Nc4 Rac8 17.
Rfd1 a6 18. Rac1 Bf8 19. Ba1 h6 20. b4 Ncd7 21. a3 Rc7 22. Bb2 Rdc8 23. Ne3
Rxc1 24. Rxc1 Rxc1 25. Bxc1 Ne5 26. Nc4 Nfd7 {Eichab,C (2029)-Tapia,A (2243)
chess.com INT 2021 0-1 (40)}) 12... Qb7 13. e3 Rd8 $146 ({RR} 13... Nbd7) 14.
Qe2 Na6 15. Nc3 Nc5 16. Rfd1 Nfe4 17. Nxe4 Qxe4 18. Kg1 f6 19. Ba3 e5 20. Bxc5
Bxc5 21. Rxd8+ Rxd8 22. Rd1 Rd5 23. Rxd5 Qxd5 24. e4 Qc6 25. Kf1 b5 26. Qd3 Bb6
27. Ne1 Qc5 28. Qc2 Qd4 29. Nf3 Qd7 30. Ke2 Kf7 31. Qd2 Qc6 32. Qd3 Qc5 33.
Qd7+ Kf8 34. Kd1 Qxf2 35. Qc8+ Ke7 36. Qb7+ Kd8 37. Nd2 Be3 38. Qb8+ Ke7 39.
Qc7+ Ke8 40. Qc8+ Kf7 41. Qd7+ Kg6 42. Qg4+ Bg5 43. Nf3 Qf1+ 44. Kc2 Kh6 45.
Nxg5 Qf2+ 46. Kc3 fxg5 47. h4 Qc5+ 48. Kd3 Qd6+ 49. Kc2 gxh4 50. Qxh4+ Kg6 51.
Qg4+ Kf7 52. Qf5+ Qf6 53. Qxh7 Qf2+ 54. Kc3 Qe1+ 55. Kb2 Qxg3 56. Ka3 a5 57.
Qf5+ Ke7 58. Qc8 Qe1 59. Qc5+ Kf7 60. Qd5+ Kf8 61. Qd6+ Kf7 62. Qd7+ Kg8 63.
Qe8+ 1/2-1/2

[Event "II Criciúma Chess Open - A1700 - 12-18"]
[Site "Criciúma SC"]
[Date "2024.01.15"]
[Round "5.24"]
[White "Cardoso, Lucas Emanuel Alves"]
[Black "Cardoso, Leandro Ubialli"]
[Result "1/2-1/2"]
[WhiteElo "1710"]
[BlackElo "1842"]
[PlyCount "42"]
[EventDate "2024.01.12"]
[EventRounds "9"]
[EventCountry "BRA"]

1. e4 e6 2. d4 d5 3. Nc3 dxe4 4. Nxe4 Bd7 5. Nf3 Bc6 6. Bd3 Nd7 7. O-O Ngf6 8.
Qe2 Be7 9. Re1 Nxe4 10. Bxe4 Bxe4 11. Qxe4 c6 12. Bd2 Nf6 13. Qe2 O-O 14. c4
Re8 15. Rad1 Qb6 16. Bc3 $146 ({RR} 16. Bf4 Rad8 17. c5 Qb5 18. Qxb5 cxb5 19.
Bc7 Rd5 20. Re5 Rc8 21. Rxd5 Nxd5 22. Bg3 b6 23. cxb6 Nxb6 24. Ne1 Na4 25. Rb1
h5 26. Kf1 Kf8 27. Ke2 Nb6 28. Nd3 Nd5 29. Rc1 Rxc1 30. Nxc1 Ke8 {Chaczynski,K
(1760)-Niedbala,W (1914) Poznan POL 2018 0-1 (57)}) 16... Bb4 17. Ne5 Bxc3 18.
bxc3 Red8 19. Qf3 Qc7 20. Rb1 Rac8 21. h3 b6 1/2-1/2

[Event "II Criciúma Chess Open - A1700 - 12-18"]
[Site "Criciúma SC"]
[Date "2024.01.15"]
[Round "5.25"]
[White "Spritzer, Abrao Rafael"]
[Black "Medeiros, Thauane Ferreira"]
[Result "0-1"]
[WhiteElo "1811"]
[BlackElo "1842"]
[PlyCount "72"]
[EventDate "2024.01.12"]
[EventRounds "9"]
[EventCountry "BRA"]

1. d4 Nf6 2. Nc3 c5 3. dxc5 e6 4. e4 Bxc5 5. e5 Nd5 ({RR} 5... Qb6 6. Nh3 Nd5
7. Nxd5 exd5 8. Bd3 d6 9. e6 Bxe6 10. Qe2 Nc6 11. c3 Ne5 12. O-O Bg4 13. Qc2
Bxh3 14. gxh3 Qc6 15. Kg2 Nxd3 16. Qxd3 O-O 17. f3 Rae8 18. Bf4 Re6 19. Rad1
Qa4 20. b4 {Andonov,B (2418)-Velimirovic,D (2558) Valjevo 2000 0-1 (41)}) ({RR
} 5... Ng8 6. Qg4 Ne7 7. Qxg7 Rg8 8. Qxh7 Qb6 9. Nh3 Nbc6 10. Qe4 Nf5 11. Na4
Bb4+ 12. c3 Qa5 13. cxb4 Qxa4 14. Bd2 Ncd4 15. b3 Qa3 16. g4 Qb2 17. Rc1 Nh4
18. Be2 Nxe2 19. Kxe2 Qxa2 20. Rc2 {Hoffmann,A (2185)-Wesolowska,H (1778)
chess.com INT 2021 0-1 (40)}) 6. Nxd5 exd5 7. Qxd5 Qa5+ $146 ({RR} 7... Qb6 8.
Nh3 d6 9. Qb3 dxe5 10. Qxb6 Bxb6 11. Bd3 h6 12. Be3 Bxe3 13. fxe3 Bxh3 14. gxh3
Nd7 15. Rd1 Ke7 16. Rf1 Rad8 17. Ke2 Nc5 18. Bc4 f6 19. Bd5 b6 20. c4 Rd6 21.
b4 Ne6 22. Rd2 {Hryhorenko,N (2132)-Dimitrijevic,A (2152) Balatonlelle 2001
1-0 (51)}) ({RR} 7... Qb6 8. Nh3 d6 9. Qb3 Qxb3 10. axb3 dxe5 11. Bb5+ Bd7 12.
Bxd7+ Nxd7 13. Ng5 Nf6 14. O-O h6 15. Nf3 e4 16. Re1 O-O-O 17. Ne5 Rhe8 18. Nc4
Nd5 19. c3 b5 20. Ra5 a6 21. Kf1 Kb7 22. Be3 {Pycha,P (1946)-Rosenzweig,V 
(2083) Czechia 2012 0-1 (50)}) ({RR} 7... Qb6 8. Bc4 Bxf2+ 9. Ke2 O-O 10. Nh3
Bh4 11. Bd3 Qc6 12. Nf4 Re8 13. Be3 Bg5 14. e6 Qxd5 15. Nxd5 Rxe6 16. Nc7 Rxe3+
17. Kf2 d6 18. Rhe1 Re7 19. Nxa8 Be6 20. Be4 Bf4 21. Rad1 Be5 22. c3 {
Steinbacher,T (2059)-Muehlbacher,B (2156) Jenbach 2009 1-0 (39)}) 8. Qd2 Bb4 9.
c3 Qxe5+ 10. Be2 Bc5 11. Nf3 Qf6 12. O-O O-O 13. Ng5 d6 14. Bd3 Bf5 15. Qc2
Bxd3 16. Qxd3 Qg6 17. Qxg6 hxg6 18. Bf4 d5 19. Rad1 Rd8 20. Rfe1 Nc6 21. b4 Bf8
22. b5 Ne7 23. Nf3 Nc8 24. Rd3 Nb6 25. g4 Re8 26. Rde3 Rxe3 27. Bxe3 Na4 28.
Bd4 Rc8 29. Re3 a6 30. bxa6 bxa6 31. Kf1 Bd6 32. h4 Bf4 33. Rd3 Nb2 34. Rd2
Bxd2 35. Nxd2 Na4 36. Nb3 Nxc3 0-1

[Event "II Criciúma Chess Open - A1700 - 12-18"]
[Site "Criciúma SC"]
[Date "2024.01.16"]
[Round "6.1"]
[White "Hoffman, Alejandro"]
[Black "Di Berardino, Diego Rafael"]
[Result "1/2-1/2"]
[WhiteElo "2358"]
[BlackElo "2480"]
[PlyCount "53"]
[EventDate "2024.01.12"]
[EventRounds "9"]
[EventCountry "BRA"]

1. c4 e6 2. Nf3 d5 3. g3 Nf6 4. Bg2 dxc4 5. Qa4+ c6 6. Qxc4 b5 7. Qc2 Bb7 8.
O-O Nbd7 9. b3 Rc8 10. Bb2 Be7 11. d3 O-O 12. Nbd2 c5 13. Rac1 Qb6 14. Qb1 Rfd8
15. d4 $146 ({RR} 15. Rfd1 Ne8 16. Nf1 Nd6 17. Ne3 Bf6 18. h4 h6 19. Ng4 Bxb2
20. Qxb2 Nf5 21. Nfe5 Bxg2 22. Kxg2 Nd4 23. Qd2 Qb7+ 24. f3 Nf8 25. Nf2 h5 26.
e3 Nf5 27. e4 Nd4 28. f4 Nd7 29. Nf3 Nxf3 {Ouaret,A (2085)-Ibarra Chami,L 
(2451) chess.com INT 2021 0-1 (52)}) ({RR} 15. Qa1 Bf8 16. Rc2 a6 17. h3 h6 18.
Rfc1 Nd5 19. a3 Ne7 20. Ne1 Bxg2 21. Nxg2 Nf5 22. Ne4 Nd6 23. Nxd6 Qxd6 24. Ne3
Qb8 25. Bc3 Rc6 26. Ng4 Rdc8 27. Ne5 Nxe5 28. Bxe5 Qb7 29. Qa2 Be7 {Uogele,A 
(2163)-Batkovskyte,D (1966) Klaipeda 2010 1/2-1/2 (84)}) ({RR} 15. a3 Bf8 16.
Qa1 h6 17. Rc2 a6 18. Rfc1 Qa7 19. h3 Qa8 20. e4 Ne8 21. Bc3 Nb8 22. Ne5 Nc6
23. Nxc6 Rxc6 24. Bf1 Rdc8 25. a4 Nd6 26. Bb2 Qb8 27. Ba3 Qa7 28. Nf3 Ne8 29.
Re1 Qb6 {Dobrov,V (2496)-Bruzon Batista,L (2691) Guarenas 2012 1-0 (69)}) 15...
Nf8 16. e3 Bd5 17. Ne5 Bxg2 18. Kxg2 Ng6 19. Nxg6 hxg6 20. dxc5 Qb7+ 21. Nf3
Bxc5 22. Bxf6 gxf6 23. Rfd1 Rxd1 24. Rxd1 f5 25. h4 Be7 26. Rc1 Rxc1 27. Qxc1
1/2-1/2

[Event "II Criciúma Chess Open - A1700 - 12-18"]
[Site "Criciúma SC"]
[Date "2024.01.16"]
[Round "6.2"]
[White "Quintiliano Pinto, Renato R."]
[Black "Gemy, Jose Daniel"]
[Result "1-0"]
[WhiteElo "2493"]
[BlackElo "2329"]
[PlyCount "67"]
[EventDate "2024.01.12"]
[EventRounds "9"]
[EventCountry "BRA"]

1. d4 Nf6 2. c4 g6 3. Nc3 Bg7 4. e4 d6 5. Nf3 O-O 6. Be2 e5 7. d5 a5 8. h3 Na6
9. Bg5 Nc5 10. Nd2 Bd7 11. g4 h6 ({RR} 11... c6 12. h4 a4 13. a3 Qa5 14. Kf1
cxd5 15. cxd5 b5 16. Be3 Rab8 17. h5 b4 18. axb4 Rxb4 19. Bxc5 Qxc5 20. g5 Ne8
21. Bg4 f5 22. gxf6 Nxf6 23. Bxd7 Nxd7 24. Rh2 gxh5 25. Nxa4 Qd4 26. b3 {
Grischuk,A (2792)-Morozevich,A (2731) Dubai 2014 0-1}) ({RR} 11... c6 12. h4
Qb6 13. Bxf6 Bxf6 14. Qc2 a4 15. g5 Bg7 16. h5 a3 17. b3 Na6 18. Qd1 Nb4 19.
Kf1 f6 20. hxg6 fxg5 21. gxh7+ Kh8 22. Rh2 Rf4 {0-1 (22) Wei Yi (2736)
-Firouzja,A (2682) chess.com INT 2019}) 12. Be3 Ne8 $146 ({RR} 12... Nh7 13.
Nb3 Nxb3 14. axb3 Qh4 15. c5 dxc5 16. Bxc5 Rfc8 17. Kf1 Nf6 18. f3 Ne8 19. Kg2
Bf8 20. Be3 Bb4 21. Qd3 Kh7 22. Rhf1 Qe7 23. Qd2 f6 24. Rac1 Nd6 25. Rc2 a4 26.
bxa4 Bxa4 27. Rcc1 {Belov,V (2596)-Khairullin,I (2538) Kazan 2005 1/2-1/2 (86)}
) ({RR} 12... Nh7 13. h4 f5 14. h5 Nxe4 15. Ndxe4 fxe4 16. Nxe4 g5 17. f3 Nf6
18. Qc2 Nxe4 19. Qxe4 b6 20. O-O Qe7 21. Bd3 Qf6 22. Kg2 Kf7 23. b3 Ke7 24. a3
Ra7 25. Rac1 Rb8 26. Rf2 Rba8 27. Rcc2 {Khadzhaev,R (2289)-Pautov,I
Novokuznetsk 2001 1-0 (51)}) 13. Rg1 Kh8 14. h4 Qxh4 15. g5 f5 16. Nf3 Qh3 17.
Kd2 Nxe4+ 18. Nxe4 f4 19. gxh6 Bf6 20. Bd4 exd4 21. Rh1 Qg4 22. Qc2 Bf5 23.
Rag1 Bxe4 24. Qxe4 Qf5 25. Qxf5 gxf5 26. Bd3 c6 27. Rh5 cxd5 28. Rxf5 Nc7 29.
cxd5 Rae8 30. Rg6 Be5 31. Ng5 Rxf5 32. Bxf5 Rf8 33. Be6 Bf6 34. Nf7+ 1-0

[Event "II Criciúma Chess Open - A1700 - 12-18"]
[Site "Criciúma SC"]
[Date "2024.01.16"]
[Round "6.3"]
[White "Filgueiras, Nathan Felipe"]
[Black "Matsuura, Everaldo"]
[Result "1/2-1/2"]
[WhiteElo "2321"]
[BlackElo "2410"]
[PlyCount "100"]
[EventDate "2024.01.12"]
[EventRounds "9"]
[EventCountry "BRA"]

1. e4 c5 2. Nf3 Nf6 3. e5 Nd5 4. Nc3 e6 5. Nxd5 exd5 6. d4 Nc6 7. dxc5 Bxc5 8.
Qxd5 Qb6 9. Bc4 Bxf2+ 10. Ke2 O-O 11. Rf1 Bc5 12. Ng5 Nd4+ 13. Kd1 Ne6 14. Bd3
({RR} 14. Qe4 Nxg5 15. Bxg5 d5 16. exd6 Qxd6+ 17. Bd3 Qxh2 18. Kd2 g6 19. Rae1
Bd7 20. Bf4 Qh4 21. Qxb7 Bf2 22. Re4 Bf5 23. Rc4 Be6 24. Re4 Rad8 25. Bc7 Qg5+
26. Ke2 Bh4 27. Rxh4 Qxh4 28. Bxd8 Rxd8 {Torre,E (2505)-Ljubojevic,L (2620)
Manila 1976 0-1 (52)}) 14... Nxg5 15. Bxg5 Qc6 $146 ({RR} 15... Qxb2 16. Qxc5
Qxa1+ 17. Kd2 Qxa2 18. Bc4 d6 19. Qc7 Qb2 20. Rxf7 Qd4+ 21. Ke1 Qxe5+ 22. Kf2
Be6 {0-1 (22) Mnatsakanian,E-Ustinov,G Moscow (Russia) 1959}) ({RR} 15... d6
16. Qe4 g6 17. Bf6 Re8 18. Bc4 Be6 19. Qh4 dxe5 20. Rf3 Qxb2 21. Bxe6 Qxa1+ 22.
Ke2 Rxe6 23. Qxh7+ {1-0 (23) Andersen,I (2153)-Nielsen,C (2085) Helsingor 2013}
) ({RR} 15... Qxb2 16. Kd2 d6 17. exd6 Qb4+ 18. c3 Be6 19. Bxh7+ Kh8 20. Qf3
Qg4 21. Qxg4 Bxg4 22. Be4 Bxd6 23. Bxb7 Rab8 24. Rab1 Be6 25. a4 f6 26. Be3
Rfd8 27. Bd4 Be5 28. Ke3 Bc4 29. Rfd1 Re8 30. Kf2 {Minic,D-Kozomara,V
Ljubljana 1960 1/2-1/2 (40)}) ({RR} 15... d6 16. Qe4 g6 17. Bh6 Be6 18. Bxf8
Rxf8 19. b3 Bd4 20. Rc1 Bc3 21. Ke2 Re8 22. Rf3 Qc5 23. b4 Bxb4 24. Rb1 Ba5 25.
Rb5 Qc3 26. Kf2 a6 27. Rxb7 Bd5 28. Rb3 Qa1 29. Qe2 Bxb3 30. axb3 {Jansa,
V-Trmal,J Jablonec 1962 0-1 (32)}) 16. Be4 Qxd5+ 17. Bxd5 h6 18. Bh4 g5 19. Bg3
d6 20. Kd2 Be6 21. Bxe6 fxe6 22. exd6 Bxd6 23. Bxd6 Rxf1 24. Rxf1 Rd8 25. Ke3
Rxd6 26. c4 a5 27. b3 Kg7 28. Rf2 Rd1 29. Ke4 Re1+ 30. Kd4 b6 31. h3 h5 32. Kc3
Kg6 33. a3 Re3+ 34. Kb2 g4 35. hxg4 hxg4 36. b4 a4 37. Rc2 Rb3+ 38. Ka2 Kf6 39.
c5 bxc5 40. bxc5 Ke7 41. c6 Kd8 42. Re2 Rg3 43. Kb2 Kc7 44. Rxe6 Rxg2+ 45. Kc3
g3 46. Rg6 Rg1 47. Kb4 Rc1 48. Rxg3 Rxc6 49. Rc3 Rxc3 50. Kxc3 Kb6 1/2-1/2

[Event "II Criciúma Chess Open - A1700 - 12-18"]
[Site "Criciúma SC"]
[Date "2024.01.16"]
[Round "6.4"]
[White "Languidey, Simon Alejandro"]
[Black "Silva, Kaua Marques"]
[Result "1-0"]
[WhiteElo "2402"]
[BlackElo "2142"]
[PlyCount "97"]
[EventDate "2024.01.12"]
[EventRounds "9"]
[EventCountry "BRA"]

1. e4 c5 2. Nc3 e6 3. Nf3 Nc6 4. d4 cxd4 5. Nxd4 Nf6 6. Bf4 Bb4 7. Ndb5 Nxe4 8.
Qf3 d5 9. Nc7+ Kf8 10. Nxa8 e5 11. Bd2 Nd4 12. Qd3 $146 ({RR} 12. Qd1 Bg4 13.
Qc1 Bxc3 14. bxc3 Nc6 15. Bd3 Nxd2 16. Qxd2 Qxa8 17. c4 d4 18. O-O f6 19. f4
Qd8 20. fxe5 Nxe5 21. Rae1 Nc6 22. Qg5 Bd7 23. Qc5+ Kf7 24. Qd5+ Kf8 25. Qd6+
Kf7 26. c5 g6 {Agopov,M (2381)-Valden,P (2096) Ikaros 2001 1-0}) ({RR} 12. Qd1
Qh4 13. g3 Qf6 14. Nxe4 Nf3+ 15. Ke2 Nd4+ 16. Ke1 Nf3+ 17. Ke2 Nd4+ 18. Ke1
Nf3+ 19. Ke2 Nd4+ {1/2-1/2 (19) Gukesh,D (2520)-Dreev,A (2662) Douglas ENG 2019
}) ({RR} 12. Qd1 Qh4 13. g3 Qf6 14. Nxe4 Nf3+ 15. Qxf3 Qxf3 16. Bxb4+ Kg8 17.
Nd6 Qxh1 18. O-O-O Be6 19. Nc7 Qxh2 20. Nxd5 Bxd5 21. Rxd5 Qxf2 22. Rd1 Qxg3
23. Bc4 h5 24. Rf1 Rh6 25. Nf5 Qg4 26. Bxf7+ Kh7 {Erdogmus,Y (2150)-Lock,G 
(2107) chess.com INT 2021 1-0 (39)}) ({RR} 12. Qd1 Bg4 13. Qc1 Nxd2 14. Qxd2
Qxa8 15. a3 Bc5 16. Nxd5 b5 17. Ne3 Be6 18. b4 Be7 19. a4 bxa4 20. Rxa4 f5 21.
c3 Qb7 22. Ba6 Qc6 23. b5 Nxb5 24. Bxb5 Qxb5 25. Rxa7 Kf7 26. Qe2 Qc5 {
Cisneros,G (1909)-Gomez Camacho,M (1721) Buenos Aires 2012 1-0 (56)}) ({RR} 12.
Qd1 Qh4 13. g3 Nxg3 14. fxg3 Qf6 15. Ne4 Nf3+ {1-0 (15) Drozniak,S (2084)
-Maroszczyk,W (1955) Orlova 2016}) 12... Nc5 13. Qg3 Nxc2+ 14. Kd1 Nxa1 15.
Qxe5 d4 16. Ne4 f6 17. Qh5 Qe8 18. Qxe8+ Kxe8 19. Nxf6+ gxf6 20. Bxb4 Ne4 21.
Bb5+ Kf7 22. Bc4+ Kg7 23. Re1 Bf5 24. f3 Nf2+ 25. Kd2 Nc2 26. Re7+ Kh6 27. Bd6
Rxa8 28. Bf4+ Kg6 29. Bf7+ Kg7 30. Bb3+ Kg6 31. Bxc2 Bxc2 32. Kxc2 Rc8+ 33. Bc7
h5 34. Kd2 h4 35. Ke2 Nh1 36. Kd3 Kf5 37. Kxd4 b6 38. g4+ hxg3 39. hxg3 Kg6 40.
Kd5 Rh8 41. Re2 Rh3 42. Rg2 Rh5+ 43. Kc6 Rc5+ 44. Kb7 b5 45. Rh2 Rc1 46. Bf4
Rg1 47. Kxa7 Nxg3 48. Be3 Rf1 49. Rg2 1-0

[Event "II Criciúma Chess Open - A1700 - 12-18"]
[Site "Criciúma SC"]
[Date "2024.01.16"]
[Round "6.5"]
[White "Umetsubo, Cesar Hidemitsu"]
[Black "Contin, Daniel"]
[Result "1-0"]
[WhiteElo "2349"]
[BlackElo "2203"]
[PlyCount "65"]
[EventDate "2024.01.12"]
[EventRounds "9"]
[EventCountry "BRA"]

1. e4 c5 2. Nf3 d6 3. d4 cxd4 4. Nxd4 Nf6 5. Nc3 a6 6. Be2 e6 7. O-O Be7 8. f4
Qc7 9. Kh1 Nc6 10. Be3 Bd7 11. a4 h5 ({RR} 11... Nxd4 12. Qxd4 Bc6 {1/2-1/2 
(12) Ye,J (2455)-Gheorghiu,F (2495) Thessaloniki 1984}) ({RR} 11... Rc8 12.
Nxc6 Bxc6 13. Bd3 d5 14. exd5 Nxd5 15. Nxd5 Bxd5 16. Bd4 Bf6 17. Bxf6 gxf6 18.
Rf2 Ke7 19. Qe2 Rcg8 20. Be4 Bxe4 21. Qxe4 Rd8 22. Qb4+ Qd6 23. Qxb7+ Rd7 24.
Qf3 Rb8 25. b3 Rc8 26. h3 {Drozdowski,K (2448)-Aldokhin,I (2413) chess.com INT
2021 1-0 (37)}) 12. Nb3 O-O-O $146 ({RR} 12... Rc8 13. a5 Nb4 14. Bf3 Ng4 15.
Bb6 Qb8 16. Bxg4 hxg4 17. Qd4 Nxc2 18. Qxg7 Rf8 19. Rad1 Bd8 20. e5 Bxb6 21.
Ne4 Rc6 22. axb6 {1-0 (22) Milos,G (2593)-Gattass,A (2223) Porto Alegre 2008})
13. Nb5 Qb8 14. Bb6 Nxe4 15. Bf3 d5 16. Bxe4 dxe4 17. Bc7 Be8 18. Qe1 Qa8 19.
Bxd8 Nxd8 20. Qxe4 axb5 21. axb5 Qb8 22. Qc4+ Qc7 23. Ra8+ Kd7 24. Rd1+ Bd6 25.
Qxc7+ Kxc7 26. b6+ Kd7 27. Na5 Ke7 28. Rxd6 Kxd6 29. Rxd8+ Kc5 30. Nxb7+ Kxb6
31. Nd6 Kc7 32. Rxe8 Rh7 33. Nxf7 1-0

[Event "II Criciúma Chess Open - A1700 - 12-18"]
[Site "Criciúma SC"]
[Date "2024.01.16"]
[Round "6.6"]
[White "Terao, Juliana Sayumi"]
[Black "Piccoli, Lucas Fonseca"]
[Result "0-1"]
[WhiteElo "2198"]
[BlackElo "2263"]
[PlyCount "96"]
[EventDate "2024.01.12"]
[EventRounds "9"]
[EventCountry "BRA"]

1. e4 c5 2. Nf3 Nc6 3. c3 Nf6 4. e5 Nd5 5. Bc4 Nb6 6. Bb3 c4 7. Bc2 d6 8. exd6
Qxd6 9. O-O Bg4 10. Re1 O-O-O 11. b3 Qf6 12. Na3 Bxf3 13. Qxf3 Qxf3 14. gxf3
cxb3 15. axb3 e5 $146 ({RR} 15... e6 16. Nc4 Nd5 17. b4 a6 18. Be4 Be7 19. d4
f5 20. Bxd5 exd5 21. Ne5 Nxe5 22. Rxe5 Bd6 23. Rxf5 g6 24. Rf7 Rdf8 25. Rxf8+
Rxf8 26. Kg2 Kd7 27. Bd2 Re8 28. Be3 Ra8 29. Ra5 Ke6 30. h4 {Subelj,J (2281)
-Ivic,V (2497) Konya TUR 2018 1/2-1/2 (132)}) 16. b4 f6 17. d3 Nd5 18. b5 Nce7
19. Nb1 Kb8 20. Be3 Nxe3 21. fxe3 Nd5 22. d4 Nxc3 23. Nxc3 Rc8 24. Bf5 Rxc3 25.
dxe5 g6 26. Be4 fxe5 27. Rad1 Kc7 28. Rd5 Rc5 29. Kg2 Rxd5 30. Bxd5 Bh6 31. h4
Rd8 32. e4 Kb6 33. h5 Rd6 34. Re2 gxh5 35. Kg3 Bf4+ 36. Kh4 Rg6 37. Bf7 Rg7 38.
Be8 Re7 39. Bxh5 Kxb5 40. Kg4 a5 41. Kf5 Rc7 42. Be8+ Ka6 43. Rb2 Rc5 44. Ke6
b5 45. Kd6 Kb6 46. Bd7 a4 47. Rg2 Rc3 48. Be6 Rc6+ 0-1

[Event "II Criciúma Chess Open - A1700 - 12-18"]
[Site "Criciúma SC"]
[Date "2024.01.16"]
[Round "6.7"]
[White "Librelato, Kathie Goulart"]
[Black "Rodi, Luis Ernesto"]
[Result "1/2-1/2"]
[WhiteElo "2170"]
[BlackElo "2196"]
[PlyCount "48"]
[EventDate "2024.01.12"]
[EventRounds "9"]
[EventCountry "BRA"]

1. e4 e5 2. Nf3 Nc6 3. Bb5 a6 4. Ba4 Nf6 5. O-O Nxe4 6. d4 b5 7. Bb3 d5 8. dxe5
Be6 9. Nbd2 Nc5 10. c3 Be7 11. Bc2 d4 12. Nb3 d3 13. Bb1 Nxb3 14. axb3 Bf5 15.
b4 O-O 16. Be3 Qd5 17. Nd4 Nxd4 18. Bxd4 Bxb4 19. Ba2 $146 ({RR} 19. Bxd3 Bxd3
20. Qxd3 Rfd8 21. Qg3 Bc5 22. Bxc5 Qxc5 23. Rfd1 Re8 24. b4 Qxe5 25. Qxe5 Rxe5
26. Rxa6 Rae8 27. g3 c5 28. bxc5 Rxc5 29. Rd3 g6 30. Ra7 Rec8 31. Rb7 Rxc3 32.
Rxc3 Rxc3 33. Rxb5 h5 {Ziaziulkina,N (2423)-Ozturk,K (2235) Chakvi 2015 1/2-1/
2 (41)}) 19... Qd7 20. Qf3 Be7 21. Bd5 Bg4 22. Qe4 Bf5 23. Qf3 Bg4 24. Qe4 Bf5
1/2-1/2

[Event "II Criciúma Chess Open - A1700 - 12-18"]
[Site "Criciúma SC"]
[Date "2024.01.16"]
[Round "6.8"]
[White "Cubas, Jose Fernando"]
[Black "Federzoni, Enzo"]
[Result "1-0"]
[WhiteElo "2427"]
[BlackElo "2170"]
[PlyCount "73"]
[EventDate "2024.01.12"]
[EventRounds "9"]
[EventCountry "BRA"]

1. e4 c5 2. Nf3 d6 3. Bb5+ Bd7 4. Bxd7+ Nxd7 5. O-O Ngf6 6. Re1 a6 ({RR} 6...
Rc8 7. b3 g6 8. Bb2 Bg7 9. c4 O-O 10. d4 cxd4 11. Nxd4 Nc5 12. Nc3 Nfd7 13. Nf3
a5 14. Rb1 a4 15. Nd5 Bxb2 16. Rxb2 axb3 17. axb3 e6 18. Nc3 Qf6 19. Qd2 Rfd8
20. Rbb1 Ne5 21. Nxe5 {Recuero Guerra,D (2492)-Gashimov,V (2740) Lugo 2009 0-1
(42)}) 7. c3 e6 8. d4 Be7 $146 ({RR} 8... cxd4 9. cxd4 Be7 10. Nc3 O-O 11. Bf4
Qc7 12. Rc1 Rfc8 13. Nd5 Qd8 14. Nxe7+ Qxe7 15. Qb3 b5 16. Bg5 Qe8 17. Bxf6
Nxf6 18. d5 Rxc1 19. Rxc1 Nxe4 20. dxe6 Qxe6 21. Qxe6 fxe6 22. Rc7 Nc5 23. Nd4
{Mach,P (1654)-Aslanov,S (1529) Prague 2016 1/2-1/2}) 9. e5 dxe5 10. dxe5 Nd5
11. c4 Nb4 12. Nc3 Nb6 13. b3 O-O 14. Qe2 Qd3 15. Qxd3 Nxd3 16. Rd1 Rad8 17.
Be3 f5 18. g3 Rd7 19. a4 Rfd8 20. a5 Nc8 21. Kf1 Na7 22. Ng5 Bxg5 23. Bxg5 Rc8
24. Na4 Nxe5 25. Bf4 Rxd1+ 26. Rxd1 Nf7 27. Rd7 Nc6 28. Rxb7 Nxa5 29. Rb6 g5
30. Bd2 Nc6 31. Nxc5 e5 32. Ne6 g4 33. Rxa6 Nd6 34. Nd8 Ne4 35. Nxc6 Nxd2+ 36.
Ke2 Nxb3 37. Ne7+ 1-0

[Event "II Criciúma Chess Open - A1700 - 12-18"]
[Site "Criciúma SC"]
[Date "2024.01.16"]
[Round "6.9"]
[White "Perdomo, Leandro"]
[Black "Labussiere, Yago"]
[Result "1-0"]
[WhiteElo "2382"]
[BlackElo "2167"]
[PlyCount "41"]
[EventDate "2024.01.12"]
[EventRounds "9"]
[EventCountry "BRA"]

1. d4 d5 2. c4 e6 3. Nc3 a6 4. cxd5 exd5 5. Nf3 c6 6. Qb3 Bd6 ({RR} 6... Nf6 7.
Bg5 Be7 8. e3 O-O 9. Bd3 Nbd7 10. O-O Re8 11. Rae1 Nf8 12. Bxf6 Bxf6 13. e4
dxe4 14. Nxe4 Ne6 15. Nxf6+ Qxf6 16. Re5 Rf8 17. Rfe1 g6 18. Qb4 a5 19. Qa3 Bd7
20. Bc4 Kg7 21. h3 {Eljanov,P (2693)-Ponomariov,R (2726) Kharkov 2009 1/2-1/2 
(55)}) ({RR} 6... Nf6 7. Bg5 h6 8. Bh4 Be7 9. e3 O-O 10. Bd3 Re8 11. O-O Nbd7
12. Rad1 Ne4 13. Bxe7 Qxe7 14. Bxe4 dxe4 15. Nd2 Nf6 16. Na4 Bg4 17. Rc1 Rad8
18. Nc5 Bc8 19. Nc4 Qc7 20. Qb6 Qxb6 21. Nxb6 {Shlyakhtenko,R (2364)-Liang,J 
(2403) New York USA 2022 1-0 (58)}) 7. e4 dxe4 8. Nxe4 Nf6 $146 ({RR} 8... Qe7
9. Qe3 Bb4+ 10. Bd2 Bxd2+ 11. Kxd2 Kf8 12. Bc4 Nd7 13. Rhe1 Ndf6 14. Nc5 Qd8
15. Qa3 Ne7 16. Rxe7 Qxe7 17. Re1 Be6 18. Bxe6 Kg8 19. Bc4 Qd6 20. Nxb7 Qf4+
21. Qe3 Qf5 22. Bxf7+ {1-0 (22) Abdisalimov,A (2406)-Islam,K (2182) Dhaka BAN
2021}) ({RR} 8... Qe7 9. Qe3 Bb4+ 10. Bd2 Bxd2+ 11. Kxd2 Kf8 12. Bc4 Nd7 13.
Rhe1 Ndf6 14. Nc5 Qd8 15. Qa3 Ne7 16. Rxe7 Qxe7 17. Re1 Be6 18. Bxe6 Kg8 19.
Bc4 Qd6 20. Nxb7 Qf4+ 21. Qe3 Qf5 22. Bxf7+ {1-0 (22) Abdisalimov,A (2406)
-Islam,K (2182) Dhaka BAN 2021}) 9. Bg5 Be7 10. Bxf6 Bxf6 11. Bc4 O-O 12. O-O
b5 13. Bd3 h6 14. Nxf6+ Qxf6 15. Be4 Be6 16. Qb4 a5 17. Bh7+ Kxh7 18. Qxf8 Bd5
19. Ne5 c5 20. Qxc5 Qe6 21. Qxb5 1-0

[Event "II Criciúma Chess Open - A1700 - 12-18"]
[Site "Criciúma SC"]
[Date "2024.01.16"]
[Round "6.10"]
[White "Borges, Guilherme Deola"]
[Black "Caetano, Ryan Wesley Da Cost"]
[Result "1/2-1/2"]
[WhiteElo "2142"]
[BlackElo "2184"]
[PlyCount "26"]
[EventDate "2024.01.12"]
[EventRounds "9"]
[EventCountry "BRA"]

1. c4 e6 2. Nf3 d5 3. e3 Nf6 4. Nc3 Be7 5. b3 O-O 6. Bb2 c5 7. cxd5 exd5 8. d4
Ne4 9. Bd3 cxd4 10. Nxd4 Bb4 ({RR} 10... Nxc3 11. Bxc3 Nc6 12. O-O Nxd4 13.
Bxd4 Be6 14. Qh5 h6 15. f4 Bf6 16. Bxf6 Qxf6 17. g4 Qe7 18. Rae1 f6 19. Qg6 f5
20. gxf5 Rf6 21. Qg2 Bf7 22. Rf3 Rd8 23. Rg3 Be8 24. Qb2 Bd7 25. Qd4 {Sai Agni
Jeevitesh,J (2318)-Dushyant,S (2313) Novi Sad SRB 2021 1-0 (39)}) 11. Qc2 Qa5
12. Rc1 $146 ({RR} 12. Bxe4 dxe4 13. O-O Bxc3 14. Bxc3 Qc5 15. Rac1 Re8 16. Qb2
Qg5 17. Ne2 Nc6 18. Nf4 Bg4 19. h3 Bd7 20. Rfd1 Rad8 21. Rd5 f5 22. Rcd1 Bc8
23. Rxd8 Rxd8 24. Rxd8+ Nxd8 25. Qd2 Qe7 26. Qd5+ Nf7 {Kozissnik,C (1904)
-Walcher,C (1906) Innsbruck 2017 1-0 (63)}) 12... Nd7 13. O-O Ndf6 1/2-1/2